000
00307nam a22001337a 4500
020
_a
81-219-0290-8
041
_a
ENG
100
_a
Theraja .B.L
245
_a
A Textbook of Electaical Technology Vol 1
260
_a
Delhi
_b
S. Chand &Company LTD.
_c
2001
300
_a
735
650
_a
EOES
856
_u
EOES
999
_c
433
_d
433